Sand and water : a profile of the Kavango region (Record no. 379263)

MARC details
000 -LEADER
fixed length control field 00288nam a2200097Ia 4500
082 ## - DEWEY DECIMAL CLASSIFICATION NUMBER
Classification number 916.881 MEND
008 - FIXED-LENGTH DATA ELEMENTS--GENERAL INFORMATION
fixed length control field 210817s9999 xx 000 0 und d
100 ## - MAIN ENTRY--PERSONAL NAME
Personal name Mendelsohn, John M. Cape Town, 2003
9 (RLIN) 92901
245 #0 - TITLE STATEMENT
Title Sand and water : a profile of the Kavango region
942 ## - ADDED ENTRY ELEMENTS
item type Books
Holdings
Withdrawn status Lost status Damaged status Not for loan Home library Current library Date acquired Cost, normal purchase price Total Checkouts Barcode Date last seen Price effective from item type
        Wakkerstroom Wakkerstroom 20.08.2021 149.00   33228015749490 20.08.2021 20.08.2021 Books